[Event "AI Cup Div 3 L"]
[Site "chess.com INT"]
[Date "2023.09.25"]
[Round "1.1"]
[White "Radjabov, Teimour"]
[Black "Yilmaz, Mustafa"]
[Result "1-0"]
[WhiteTitle "GM"]
[BlackTitle "GM"]
[WhiteElo "2745"]
[BlackElo "2640"]
[WhiteFideId "13400924"]
[BlackFideId "6302718"]
[EventDate "2023.09.25"]
[EventType "k.o."]

1. Nf3 d5 2. c4 e6 3. e3 Nf6 4. b3 b6 5. cxd5 exd5 6. Bb2 Be7 7. Nc3 O-O 8. d4
Bb7 9. Bd3 Nbd7 10. Qc2 Re8 11. O-O Bf8 12. Rac1 Ne4 13. Rfd1 a6 14. Bf1 Bd6 15.
Nxe4 dxe4 16. Ne5 Qe7 17. Bc4 Rf8 18. Qc3 Rae8 19. h3 b5 20. Bf1 Bd5 21. a4 Nxe5
22. dxe5 Bxe5 23. Qxe5 Qxe5 24. Bxe5 Rxe5 25. axb5 Bxb3 26. Rd4 axb5 27. Rxc7 h5
28. Rb7 Bc4 29. Bxc4 bxc4 30. Rxc4 Rd8 31. g4 hxg4 32. hxg4 Rde8 33. Rbb4 Kh7
34. Kg2 R8e7 35. Kg3 g5 36. Rb8 Rd5 37. Rcc8 Kg7 38. Rh8 Re6 39. Rbe8 Rde5 40.
Reg8+ Kf6 41. Rh7 Re8 42. Rh6+ Ke7 43. Rg7 Kf8 44. Rgh7 R8e6 45. Rh5 Kg8 46. Kg2
Ra5 47. Rh8+ Kg7 48. R5h7+ Kf6 49. Rb8 Kg6 50. Rhh8 Kg7 51. Rh5 Rh6 52. Rxh6
Kxh6 53. Rb4 Re5 54. Kf1 Kg6 55. Ke2 f6 56. Kd2 f5 57. Rb6+ Kg7 58. gxf5 Rxf5
59. Ke2 Re5 60. Kf1 Kf7 61. Kg2 Re6 62. Rb5 Kf6 63. Kg3 Re5 64. Rb8 Ra5 65. Kg4
Ra2 66. Rf8+ Kg7 67. Rf5 Kg6 68. Rxg5+ Kf6 69. Rf5+ Ke6 70. Kg5 Rb2 71. Rf8 Ke5
72. Kg4 Ra2 73. Re8+ Kf6 74. Rxe4 1-0

[Event "AI Cup Div 3 L"]
[Site "chess.com INT"]
[Date "2023.09.25"]
[Round "1.1"]
[White "Demchenko, Anton"]
[Black "Maghsoodloo, Parham"]
[Result "1-0"]
[WhiteTitle "GM"]
[BlackTitle "GM"]
[WhiteElo "2608"]
[BlackElo "2707"]
[WhiteFideId "4160258"]
[BlackFideId "12539929"]
[EventDate "2023.09.25"]
[EventType "k.o."]

1. e4 c5 2. Nf3 d6 3. d4 cxd4 4. Nxd4 Nf6 5. Nc3 Nc6 6. Be2 g6 7. O-O Bg7 8. Be3
O-O 9. a4 Bd7 10. Qd2 a6 11. f3 Rc8 12. Rfd1 Ne5 13. a5 Nc4 14. Bxc4 Rxc4 15. b3
Rc5 16. Ne6 fxe6 17. Bxc5 dxc5 18. e5 Nd5 19. Nxd5 Bxe5 20. c3 Bc6 21. Nf6+ Kf7
22. Qxd8 Rxd8 23. Rxd8 Bxc3 24. Rc1 Bxa5 25. Rc8 exf6 26. Rxc6 bxc6 27. Ra1 Bc3
28. Rxa6 c4 29. bxc4 c5 30. Ra7+ Kg8 31. f4 e5 32. fxe5 Bxe5 33. h3 h5 34. Kf2
Kf8 35. Ke2 f5 36. Kd3 Ke8 37. Kc2 Bd4 38. Kb3 Kf8 39. Ka4 Ke8 40. Kb5 h4 41.
Kc6 Kf8 42. Kd5 Kg8 43. Ke6 Bc3 44. Rc7 Bd4 45. Kd5 Kf8 46. Rh7 Bf2 47. Rc7 Bd4
48. Kd6 Bf2 49. Rxc5 Bxc5+ 50. Kxc5 g5 51. Kd6 g4 52. Ke5 gxh3 53. gxh3 Ke7 54.
Kxf5 Kd6 55. Kg4 Kc5 56. Kxh4 Kxc4 57. Kg5 Kd5 58. Kf6 1-0

[Event "AI Cup Div 3 L"]
[Site "chess.com INT"]
[Date "2023.09.25"]
[Round "1.2"]
[White "Maghsoodloo, Parham"]
[Black "Demchenko, Anton"]
[Result "0-1"]
[WhiteTitle "GM"]
[BlackTitle "GM"]
[WhiteElo "2707"]
[BlackElo "2608"]
[WhiteFideId "12539929"]
[BlackFideId "4160258"]
[EventDate "2023.09.25"]
[EventType "k.o."]

1. d4 Nf6 2. c4 d6 3. Nc3 e5 4. Nf3 Nc6 5. d5 Ne7 6. e4 Ng6 7. h3 Be7 8. Be3 O-O
9. g3 c6 10. Bg2 cxd5 11. cxd5 b5 12. a3 Bd7 13. O-O Qb8 14. Qb3 a5 15. Nd2 Rc8
16. Rfc1 Bd8 17. Bf1 a4 18. Qd1 Bb6 19. Qf3 Bxe3 20. Qxe3 b4 21. Na2 bxa3 22.
bxa3 Rxc1 23. Rxc1 h5 24. Nb4 h4 25. Nc4 hxg3 26. fxg3 Ne7 27. g4 Bb5 28. Nb6
Ra5 29. Nc6 Bxc6 30. dxc6 Qc7 31. Rc4 d5 32. exd5 Nfxd5 33. Nxd5 Rxd5 34. Bg2
Rd1+ 35. Kf2 Rd6 36. Be4 Nd5 37. Qc5 Nf6 38. Bf5 e4 39. Ke1 Rd3 40. Qf2 Rxa3 41.
Rc1 g6 42. g5 Nd5 43. Bg4 Nf4 44. Kf1 Nd3 45. Qe3 Ra2 46. Rb1 Qh2 47. Be2 Rxe2
48. Rb8+ Kh7 0-1

[Event "AI Cup Div 3 L"]
[Site "chess.com INT"]
[Date "2023.09.25"]
[Round "1.2"]
[White "Yilmaz, Mustafa"]
[Black "Radjabov, Teimour"]
[Result "1/2-1/2"]
[WhiteTitle "GM"]
[BlackTitle "GM"]
[WhiteElo "2640"]
[BlackElo "2745"]
[WhiteFideId "6302718"]
[BlackFideId "13400924"]
[EventDate "2023.09.25"]
[EventType "k.o."]

1. c4 Nf6 2. g3 e6 3. Bg2 d5 4. Nf3 Be7 5. d4 O-O 6. Nc3 dxc4 7. Ne5 c5 8. dxc5
Qxd1+ 9. Nxd1 Bxc5 10. O-O Nc6 11. Bxc6 bxc6 12. Be3 Bb6 13. Bxb6 axb6 14. Nxc6
Bb7 15. Nb4 Rfc8 16. Nc3 Kf8 17. f3 Ke7 18. Rfd1 g5 19. Kf2 g4 20. Rd4 h5 21.
Rad1 gxf3 22. exf3 Rab8 23. Rh4 Rc5 24. Rdd4 b5 25. a3 Rg8 26. Rd2 Rgg5 27. Nc2
e5 28. Ne3 Rg8 29. h3 Bc8 30. Ned5+ Nxd5 31. Rxd5 Rxd5 32. Nxd5+ Ke6 33. Nc7+
Kf6 34. Nxb5 Be6 35. Nc3 Rb8 36. Nd1 Kg6 37. Re4 f6 38. h4 c3 39. bxc3 Rb1 40.
Ne3 Rb2+ 41. Ke1 Rb3 42. Ra4 Rxc3 43. Kd2 Rb3 44. Ra6 Rb2+ 45. Kd3 Rb3+ 46. Ke4
Bc8 47. Ra5 Bb7+ 48. Nd5 Bxd5+ 49. Rxd5 Rxa3 50. Rd3 Ra4+ 51. Ke3 Ra1 52. Rd8
Ra3+ 53. Rd3 Ra1 54. Rb3 Rg1 55. Kf2 Rc1 56. Rb2 Rc3 57. Re2 Ra3 58. Rd2 Rb3 59.
Rd8 Rb2+ 60. Kf1 Rb1+ 61. Kf2 Rb2+ 62. Ke3 Rb3+ 63. Rd3 Rxd3+ 64. Kxd3 f5 65.
Kc4 Kf7 66. Kc3 Ke7 67. Kc4 Kd6 68. Kd3 Ke6 69. Kc4 Kd6 70. Kd3 Ke6 71. Kc4 Kd6 1/2-1/2

[Event "AI Cup Div 3 L"]
[Site "chess.com INT"]
[Date "2023.09.26"]
[Round "2.1"]
[White "Malakhov, Vladimir"]
[Black "Radjabov, Teimour"]
[Result "0-1"]
[WhiteTitle "GM"]
[BlackTitle "GM"]
[WhiteElo "2646"]
[BlackElo "2745"]
[WhiteFideId "4120787"]
[BlackFideId "13400924"]
[EventDate "2023.09.25"]
[EventType "k.o."]

1. Nf3 Nf6 2. g3 g6 3. c4 Bg7 4. Bg2 c6 5. O-O O-O 6. d4 d5 7. Qb3 Qb6 8. Nc3
Rd8 9. Bd2 dxc4 10. Qxc4 Be6 11. Qa4 Na6 12. e4 Bg4 13. Be3 Nd7 14. Qc2 Bxf3 15.
Bxf3 Bxd4 16. Na4 Qb4 17. a3 Qd6 18. Rad1 e5 19. b4 Nc7 20. Bxd4 exd4 21. Bg2 a5
22. Nc5 Nxc5 23. bxc5 Qe7 24. f4 Nb5 25. f5 Nc3 26. Rd3 Qxc5 27. Qf2 Rd7 28. f6
Re8 29. Re1 Rd6 30. g4 Qg5 31. Rxd4 Rxf6 32. Qe3 Qxe3+ 33. Rxe3 Nb5 34. Rd7 b6
35. a4 Rd6 36. Rb7 Rd1+ 37. Kf2 Nd6 38. Rd7 Rd2+ 39. Kg1 Re5 40. Bf1 Rxe4 41.
Rxd6 Rxg4+ 0-1

[Event "AI Cup Div 3 L"]
[Site "chess.com INT"]
[Date "2023.09.26"]
[Round "2.1"]
[White "Kramnik, Vladimir"]
[Black "Matlakov, Maxim"]
[Result "1-0"]
[WhiteTitle "GM"]
[BlackTitle "GM"]
[WhiteElo "2753"]
[BlackElo "2674"]
[WhiteFideId "4101588"]
[BlackFideId "4168003"]
[EventDate "2023.09.25"]
[EventType "k.o."]

1. e4 c5 2. Nf3 d6 3. d4 cxd4 4. Nxd4 Nf6 5. Nc3 a6 6. Be3 e5 7. Nb3 Be7 8. h3
Be6 9. Qf3 Nbd7 10. O-O-O Rc8 11. Nd5 Bxd5 12. exd5 Qc7 13. c3 Nb6 14. Kb1 Nc4
15. Bc1 b5 16. g4 O-O 17. g5 Nd7 18. Bd3 a5 19. Rhg1 Ndb6 20. Bxh7+ Kxh7 21.
Qh5+ Kg8 22. Rg4 Qd7 23. Rh4 Qf5+ 24. Ka1 f6 25. Rg1 Nxd5 26. gxf6 Qxf6 27. Qh7+
Kf7 28. Rh6 Qxf2 29. Qg6+ 1-0

[Event "AI Cup Div 3 L"]
[Site "chess.com INT"]
[Date "2023.09.26"]
[Round "2.2"]
[White "Matlakov, Maxim"]
[Black "Kramnik, Vladimir"]
[Result "1-0"]
[WhiteTitle "GM"]
[BlackTitle "GM"]
[WhiteElo "2674"]
[BlackElo "2753"]
[WhiteFideId "4168003"]
[BlackFideId "4101588"]
[EventDate "2023.09.25"]
[EventType "k.o."]

1. d4 d5 2. c4 c6 3. Nf3 Nf6 4. g3 g6 5. Bg2 Bg7 6. O-O O-O 7. Nc3 dxc4 8. e4 a5
9. Qe2 b5 10. Rd1 b4 11. Na4 Ba6 12. Ne5 c3 13. Qc2 cxb2 14. Bxb2 Nfd7 15. Ng4
Bb5 16. Nc5 a4 17. d5 Nf6 18. dxc6 Qc7 19. Be5 Qxc6 20. Bxf6 b3 21. Qc3 exf6 22.
e5 fxe5 23. Bxc6 Nxc6 24. axb3 Nd4 25. Qb2 Bc6 26. Rxa4 Nf3+ 27. Kf1 h5 28. Rxa8
Rxa8 29. Ne3 Nxh2+ 30. Ke2 Bb5+ 31. Nc4 Rc8 32. Ne4 Rb8 33. Qd2 Ng4 34. Qd6 Rf8
35. Qc7 Nh6 36. Rd8 Nf5 37. Rxf8+ Bxf8 38. Qxe5 Bg7 39. Nf6+ Bxf6 40. Qxf6 1-0

[Event "AI Cup Div 3 L"]
[Site "chess.com INT"]
[Date "2023.09.26"]
[Round "2.2"]
[White "Radjabov, Teimour"]
[Black "Malakhov, Vladimir"]
[Result "1/2-1/2"]
[WhiteTitle "GM"]
[BlackTitle "GM"]
[WhiteElo "2745"]
[BlackElo "2646"]
[WhiteFideId "13400924"]
[BlackFideId "4120787"]
[EventDate "2023.09.25"]
[EventType "k.o."]

1. d4 d5 2. c4 e6 3. Nf3 Nf6 4. Nc3 a6 5. e3 b6 6. b3 Bb7 7. Bb2 Nbd7 8. Be2 Bd6
9. O-O O-O 10. Rc1 Qe7 11. cxd5 exd5 12. Qc2 Rac8 13. Rfd1 Ne4 14. Nxe4 dxe4 15.
Ne5 f5 16. a4 Kh8 17. Nxd7 Qxd7 18. d5 Qf7 19. g3 Bxd5 20. Qc3 Bb7 21. Bc4 Qg6
22. Bd5 Bxd5 23. Rxd5 Rce8 24. Qd4 Re6 25. a5 b5 26. Rc6 h5 27. Rxa6 h4 28. Rc6
Rff6 29. Rc2 f4 30. exf4 Bxf4 31. Qd1 hxg3 32. hxg3 Rf5 33. Rxf5 Qxf5 34. Qd7
Bh6 35. Rc6 e3 36. Qxe6 Qxf2+ 37. Kh1 Qf1+ 38. Kh2 Qe2+ 39. Kh3 Qh5+ 40. Kg2
Qe2+ 41. Kh3 Qh5+ 42. Kg2 Qe2+ 43. Kh3 1/2-1/2

[Event "AI Cup Div 3 L"]
[Site "chess.com INT"]
[Date "2023.09.26"]
[Round "2.3"]
[White "Matlakov, Maxim"]
[Black "Kramnik, Vladimir"]
[Result "1/2-1/2"]
[WhiteTitle "GM"]
[BlackTitle "GM"]
[WhiteElo "2674"]
[BlackElo "2753"]
[WhiteFideId "4168003"]
[BlackFideId "4101588"]
[EventDate "2023.09.25"]
[EventType "k.o."]

1. d4 Nf6 2. c4 e6 3. g3 Bb4+ 4. Bd2 Be7 5. Bg2 d5 6. Nf3 O-O 7. Qc2 c6 8. h4
Ne4 9. Bf4 f5 10. Nc3 Nd7 11. O-O h6 12. Be3 Bd6 13. Rad1 Qe8 14. Qc1 Qh5 15.
Bf4 Be7 16. Ne5 g5 17. Bf3 Qe8 18. Nxd7 Bxd7 19. hxg5 hxg5 20. Be5 Qg6 21. Bxe4
fxe4 22. Kg2 Bf6 23. Bxf6 Rxf6 24. Rh1 Raf8 25. Rdf1 c5 26. Qe3 Bc6 27. cxd5
exd5 28. Kg1 Qg7 29. Rh2 Rh6 30. Rxh6 cxd4 31. Rg6 dxe3 32. Rxg7+ Kxg7 33. fxe3
Rxf1+ 34. Kxf1 Kf6 35. Nd1 Ke5 36. Ke1 a5 37. Kd2 Bb5 38. Nf2 Kf5 39. Ke1 Bc4
40. b3 Bb5 41. Nd1 Ke5 42. Kd2 Bd7 43. Nc3 Bc6 44. a3 b6 45. Nd1 Bb5 46. Nc3 Bc6
47. b4 axb4 48. axb4 d4 49. Nd1 Bb5 50. Nf2 Bd7 51. Nd1 Bb5 52. exd4+ Kxd4 53.
Ne3 Bd7 54. Nc2+ Kc4 55. Ke3 Ba4 56. Nd4 Kxb4 57. Kxe4 Kc3 58. Ne6 b5 59. Nc5
Bc2+ 60. Kd5 b4 61. e4 b3 62. Na4+ Kb4 63. Nb2 Kc3 64. Na4+ Kb4 65. Nb2 Kc3 66.
Na4+ 1/2-1/2

[Event "AI Cup Div 3 L"]
[Site "chess.com INT"]
[Date "2023.09.26"]
[Round "3.1"]
[White "Durarbayli, Vasif"]
[Black "Beerdsen, Thomas"]
[Result "1-0"]
[WhiteTitle "GM"]
[BlackTitle "GM"]
[WhiteElo "2625"]
[BlackElo "2511"]
[WhiteFideId "13402935"]
[BlackFideId "1030108"]
[EventDate "2023.09.25"]
[EventType "k.o."]

1. e4 e5 2. Nf3 Nc6 3. Bb5 f5 4. Nc3 fxe4 5. Nxe4 Nf6 6. Nxf6+ Qxf6 7. Qe2 Be7
8. Bxc6 dxc6 9. Nxe5 O-O 10. O-O c5 11. b3 Bd6 12. Bb2 Bf5 13. Rae1 Rae8 14. f4
Qh4 15. d3 b6 16. Qf3 Re6 17. Qd5 Re8 18. Re3 c6 19. Qf3 Bc7 20. Rfe1 h6 21. a4
b5 22. g3 Qh3 23. Nxc6 bxa4 24. bxa4 Bg4 25. Qd5 Kh8 26. Qd7 R6e7 27. Bxg7+ Kh7
28. Qxe7 Rxe7 29. Rxe7 Bd6 30. Bc3+ Bxe7 31. Rxe7+ Kg8 32. Ne5 Be6 33. Re8+ Kh7
34. Nf3 Qf5 35. Kf2 c4 36. Rh8+ Kg6 37. Nh4+ 1-0

[Event "AI Cup Div 3 L"]
[Site "chess.com INT"]
[Date "2023.09.26"]
[Round "3.1"]
[White "Radjabov, Teimour"]
[Black "Kramnik, Vladimir"]
[Result "1/2-1/2"]
[WhiteTitle "GM"]
[BlackTitle "GM"]
[WhiteElo "2745"]
[BlackElo "2753"]
[WhiteFideId "13400924"]
[BlackFideId "4101588"]
[EventDate "2023.09.25"]
[EventType "k.o."]

1. e4 c5 2. Nf3 e6 3. d4 cxd4 4. Nxd4 Nf6 5. Nc3 Nc6 6. a3 Be7 7. Nxc6 bxc6 8.
e5 Nd5 9. Ne4 Qc7 10. f4 f5 11. Ng5 O-O 12. c4 Bxg5 13. cxd5 exd5 14. fxg5 Qxe5+
15. Qe2 Qb8 16. g3 a5 17. Bf4 Qb3 18. Kf2 Qb6+ 19. Be3 Qd8 20. Qd2 f4 21. Bxf4
Qxg5 22. Be2 Bb7 23. Bf3 Qf5 24. Rhe1 h6 25. h4 Rf7 26. Kg1 Raf8 27. Re5 Qf6 28.
Rae1 d6 29. Re6 Qf5 30. Bg2 Bc8 31. Rxd6 Bd7 32. Kh2 Qh5 33. Re5 g5 34. Bxg5 Rf2
35. Rxh6 Qf3 36. Rg6+ Kh7 37. Rh6+ Kg8 38. Rg6+ Kh7 39. Rh6+ Kg8 1/2-1/2

[Event "AI Cup Div 3 L"]
[Site "chess.com INT"]
[Date "2023.09.26"]
[Round "3.2"]
[White "Kramnik, Vladimir"]
[Black "Radjabov, Teimour"]
[Result "0-1"]
[WhiteTitle "GM"]
[BlackTitle "GM"]
[WhiteElo "2753"]
[BlackElo "2745"]
[WhiteFideId "4101588"]
[BlackFideId "13400924"]
[EventDate "2023.09.25"]
[EventType "k.o."]

1. c4 c5 2. g3 g6 3. Bg2 Bg7 4. Nc3 Nc6 5. d3 d6 6. e3 e5 7. Nge2 Nge7 8. a3 Rb8
9. b4 O-O 10. b5 Na5 11. O-O f5 12. Qc2 Be6 13. e4 Qd7 14. Bd2 b6 15. f4 fxe4
16. Nxe4 d5 17. cxd5 Nxd5 18. Rae1 exf4 19. gxf4 h6 20. Kh1 Qxb5 21. N2g3 Qb3
22. Qc1 Bb2 23. Nxc5 Bxc1 24. Nxb3 Nxb3 25. Bxc1 Nxc1 26. f5 Nxd3 27. Rxe6 N5f4
28. Re7 gxf5 29. Bc6 Rbc8 30. Ba4 Rc3 31. Bd1 Rxa3 32. Nh5 Nxh5 33. Bxh5 Kh8 34.
Bg6 Ra2 35. Rxf5 Ra1+ 36. Kg2 Nf4+ 37. Kg3 Nxg6 38. Rh5 Nxe7 0-1

[Event "AI Cup Div 3 L"]
[Site "chess.com INT"]
[Date "2023.09.27"]
[Round "4.1"]
[White "Tomashevsky, Evgeny"]
[Black "Radjabov, Teimour"]
[Result "1-0"]
[WhiteTitle "GM"]
[BlackTitle "GM"]
[WhiteElo "2694"]
[BlackElo "2745"]
[WhiteFideId "4147235"]
[BlackFideId "13400924"]
[EventDate "2023.09.25"]
[EventType "k.o."]

1. c4 g6 2. d4 Nf6 3. Nc3 d5 4. cxd5 Nxd5 5. e4 Nxc3 6. bxc3 Bg7 7. Nf3 O-O 8.
Be2 b6 9. O-O Bb7 10. Qd3 Nd7 11. Bg5 h6 12. Bf4 e6 13. Rfe1 Re8 14. Qe3 e5 15.
dxe5 Nxe5 16. Bxe5 Bxe5 17. Bb5 c6 18. Nxe5 Rxe5 19. Bc4 Qf8 20. Rad1 Rae8 21.
Rd7 R5e7 22. Rxe7 Rxe7 23. h4 Bc8 24. h5 gxh5 25. Qg3+ Qg7 26. Qd6 Bh3 27. Bf1
Re8 28. Re3 Bg4 29. e5 Qg6 30. Qc7 h4 31. Qxa7 c5 32. Bd3 Qe6 33. Qa4 Rd8 34.
Qe4 Bh5 35. Qxh4 1-0

[Event "AI Cup Div 3 L"]
[Site "chess.com INT"]
[Date "2023.09.27"]
[Round "4.2"]
[White "Radjabov, Teimour"]
[Black "Tomashevsky, Evgeny"]
[Result "1-0"]
[WhiteTitle "GM"]
[BlackTitle "GM"]
[WhiteElo "2745"]
[BlackElo "2694"]
[WhiteFideId "13400924"]
[BlackFideId "4147235"]
[EventDate "2023.09.25"]
[EventType "k.o."]

1. Nf3 d5 2. d4 Nf6 3. c4 e6 4. Nc3 c5 5. e3 Nc6 6. cxd5 exd5 7. Be2 cxd4 8.
exd4 h6 9. O-O Bd6 10. h3 O-O 11. Bb5 Re8 12. Be3 Bd7 13. Rc1 Rc8 14. Re1 a6 15.
Bd3 Rc7 16. Bb1 Bc8 17. Qc2 Ne7 18. Qd2 Bf5 19. Bf4 Bxb1 20. Rxb1 Rc8 21. Be5
Bxe5 22. dxe5 Ne4 23. Nxe4 dxe4 24. Qxd8 Rexd8 25. Rxe4 Rc2 26. a4 Nc6 27. b3
Rc3 28. b4 b5 29. axb5 axb5 30. Kf1 Rdd3 31. Ke2 Rb3 32. Rc1 Nxb4 33. Rxb4 Rxf3
34. Rc8+ Kh7 35. Rxb3 Rxb3 36. Rf8 Kg6 37. f4 h5 38. g4 Rxh3 39. f5+ Kg5 40. e6
fxe6 41. fxe6 Rh2+ 42. Kd3 Rh3+ 43. Ke2 Rh2+ 44. Kd3 Rh3+ 45. Kd4 Rh1 46. e7
Rd1+ 47. Kc3 Re1 48. e8=Q Rxe8 49. Rxe8 Kxg4 50. Kd2 h4 51. Ke1 1-0

[Event "AI Cup Div 3 L"]
[Site "chess.com INT"]
[Date "2023.09.27"]
[Round "4.3"]
[White "Tomashevsky, Evgeny"]
[Black "Radjabov, Teimour"]
[Result "1-0"]
[WhiteTitle "GM"]
[BlackTitle "GM"]
[WhiteElo "2694"]
[BlackElo "2745"]
[WhiteFideId "4147235"]
[BlackFideId "13400924"]
[EventDate "2023.09.25"]
[EventType "k.o."]

1. c4 Nf6 2. Nf3 e6 3. g3 d5 4. Bg2 Be7 5. O-O O-O 6. b3 c5 7. Bb2 d4 8. b4 Re8
9. d3 a5 10. b5 Bd6 11. e4 e5 12. Bc1 Nbd7 13. Nh4 g6 14. a4 Nf8 15. Ra2 Be7 16.
Nd2 Bg4 17. Qe1 Nh5 18. Bf3 Bxf3 19. Ndxf3 Ne6 20. Ng2 Bf6 21. Kh1 Qd7 22. Ng1
Bg7 23. Qd1 Rf8 24. f4 exf4 25. gxf4 f5 26. exf5 Rxf5 27. Nh4 Rxf4 28. Bxf4
Nexf4 29. Ng2 Nxg2 30. Rxg2 Bh6 1-0

[Event "AI Cup Div 3 L"]
[Site "chess.com INT"]
[Date "2023.09.27"]
[Round "5.2"]
[White "Tomashevsky, Evgeny"]
[Black "Durarbayli, Vasif"]
[Result "1-0"]
[WhiteTitle "GM"]
[BlackTitle "GM"]
[WhiteElo "2694"]
[BlackElo "2625"]
[WhiteFideId "4147235"]
[BlackFideId "13402935"]
[EventDate "2023.09.25"]
[EventType "k.o."]

1. c4 c6 2. Nf3 d5 3. g3 g6 4. Qa4 Nd7 5. cxd5 cxd5 6. Bg2 Bg7 7. Nc3 Nf6 8. O-O
O-O 9. d4 Nb6 10. Qb3 Ne4 11. Bf4 Be6 12. Rfc1 h6 13. Nb5 Nc4 14. Nc7 g5 15.
Nxe6 fxe6 16. Be5 Nxe5 17. Nxe5 Bxe5 18. dxe5 Nxf2 19. Bf3 Ne4 20. Bxe4 dxe4 21.
Qxe6+ Kg7 22. Rd1 Qb6+ 23. Qxb6 axb6 24. Rd7 Kf7 25. Rf1+ Ke6 26. Rxf8 Rxf8 27.
Rxb7 e3 28. Rxb6+ Kxe5 29. a4 Rf2 30. a5 Rxe2 31. a6 Re1+ 32. Kg2 g4 33. Rb3 e2
34. Re3+ Kf6 35. b4 Ra1 36. b5 e1=Q 37. Rxe1 Rxe1 38. a7 Re2+ 39. Kg1 Ra2 40. b6
h5 41. b7 Rxa7 42. b8=Q Ra1+ 43. Kf2 Ra2+ 44. Ke3 Rxh2 45. Qf8+ Ke6 46. Qg7 Rh1
47. Qg6+ Kd7 48. Kf4 Rf1+ 49. Kg5 Rf3 50. Kh4 Rf1 51. Qd3+ 1-0

[Event "AI Cup Div 3 L"]
[Site "chess.com INT"]
[Date "2023.09.28"]
[Round "6.1"]
[White "Sevian, Samuel"]
[Black "Demchenko, Anton"]
[Result "1-0"]
[WhiteTitle "GM"]
[BlackTitle "GM"]
[WhiteElo "2698"]
[BlackElo "2608"]
[WhiteFideId "2040506"]
[BlackFideId "4160258"]
[EventDate "2023.09.25"]
[EventType "k.o."]

1. Nc3 e5 2. Nf3 Nc6 3. d4 exd4 4. Nxd4 Nf6 5. Bg5 Bb4 6. Nxc6 bxc6 7. Qd4 Qe7
8. O-O-O Bxc3 9. bxc3 d5 10. Bxf6 gxf6 11. e3 Be6 12. Be2 Rb8 13. Qxa7 O-O 14.
Qd4 c5 15. Qh4 c4 16. Rd4 Bf5 17. Kd2 Be4 18. Bxc4 Rfd8 19. Bd3 c5 20. Rxd5 Rxd5
21. Qg3+ Bg6 22. Qxb8+ Rd8 23. Qf4 Qb7 24. Rd1 Qb2 25. Ke1 Qxc3+ 26. Ke2 Rxd3
27. cxd3 Qc2+ 28. Ke1 Bxd3 29. Qg4+ Kf8 30. Rd2 Qc3 31. Qd1 c4 32. f3 Kg7 33.
Kf2 Qa3 34. h3 h5 35. Qa1 h4 36. Rd1 Bf5 37. e4 Be6 38. Rc1 Qc5+ 39. Kf1 Qa3 40.
Rc3 Qd6 41. Qe1 Qf4 42. a4 Kg6 43. a5 Qe5 44. Qa1 Qh2 45. Qe1 Qh1+ 46. Kf2 Qh2
47. Qg1 Qe5 48. Qc1 Qxa5 49. f4 f5 50. exf5+ Kxf5 51. Re3 Qc5 52. Kf1 Kg6 53.
Kg1 Bf5 54. Kh1 Qc6 55. Qc3 Be4 56. Kh2 f5 57. Qh8 Qf6 58. Qg8+ Qg7 59. Qxc4 Kh6
60. Qe2 Qd4 61. Qf2 Qf6 62. Rb3 Kg7 63. Qb2 Qxb2 64. Rxb2 Kf6 65. g3 hxg3+ 66.
Kxg3 1-0

[Event "AI Cup Div 3 L"]
[Site "chess.com INT"]
[Date "2023.09.28"]
[Round "6.1"]
[White "Robson, Ray"]
[Black "Durarbayli, Vasif"]
[Result "1-0"]
[WhiteTitle "GM"]
[BlackTitle "GM"]
[WhiteElo "2699"]
[BlackElo "2625"]
[WhiteFideId "2023970"]
[BlackFideId "13402935"]
[EventDate "2023.09.25"]
[EventType "k.o."]

1. d4 d5 2. c4 c6 3. Nf3 Nf6 4. e3 Bf5 5. Nh4 Be4 6. Nc3 e6 7. f3 Bg6 8. Bd2 Be7
9. Nxg6 hxg6 10. Qc2 Qc7 11. O-O-O Rxh2 12. Rxh2 Qxh2 13. cxd5 cxd5 14. Nxd5
Nxd5 15. Qc8+ Bd8 16. Bb5+ Ke7 17. e4 Qc7+ 18. Qxc7+ Bxc7 19. exd5 Nd7 20. dxe6
fxe6 21. d5 e5 22. Bd3 Nf6 23. Bxg6 Bd6 24. Bc3 Rc8 25. Kb1 Rc5 26. Be4 b5 27.
a3 Rc4 28. Bd3 Rc5 29. Be4 Rc4 30. Bf5 Rc5 31. Be6 Rc4 32. Re1 e4 33. fxe4 Bg3
34. Re2 Nxe4 35. Bf5 1-0

[Event "AI Cup Div 3 L"]
[Site "chess.com INT"]
[Date "2023.09.28"]
[Round "6.2"]
[White "Demchenko, Anton"]
[Black "Sevian, Samuel"]
[Result "0-1"]
[WhiteTitle "GM"]
[BlackTitle "GM"]
[WhiteElo "2608"]
[BlackElo "2698"]
[WhiteFideId "4160258"]
[BlackFideId "2040506"]
[EventDate "2023.09.25"]
[EventType "k.o."]

1. e4 e5 2. Nf3 Nc6 3. Bc4 Bc5 4. d3 Nf6 5. Bg5 d6 6. c3 h6 7. Bh4 a6 8. Nbd2
Ba7 9. a4 a5 10. Qe2 Bd7 11. Bb3 Be6 12. Nc4 Rg8 13. O-O-O g5 14. Bg3 g4 15. Nh4
Nh5 16. Kb1 Qf6 17. Qc2 O-O-O 18. Ne3 Ne7 19. Rhe1 Kb8 20. Rd2 Rg5 21. Qd1 Nxg3
22. hxg3 h5 23. Bc4 d5 24. exd5 Nxd5 25. Nxd5 Bxd5 26. Bxd5 Rxd5 27. Qe2 Bb6 28.
Qe4 Rd8 29. Kc2 Qe6 30. b3 Qf6 31. Ree2 Rd6 32. Kb2 Ka7 33. Rc2 Qd8 34. Nf5 Rxd3
35. Nd4 exd4 36. Qxd3 dxc3+ 37. Rxc3 Rd5 38. Qc4 Bd4 39. Rc2 c6 40. Ka2 Bxc3 41.
Qxc3 Qe7 42. f3 Qe5 43. Qxe5 Rxe5 44. Kb2 Kb6 45. Rf2 f5 46. Kc3 Kc5 47. Kd3 Kb4
48. Kc2 Ka3 49. fxg4 hxg4 50. Rf1 Re2+ 51. Kc3 Re3+ 52. Kc4 Rxg3 53. Rxf5 b6 54.
Rf6 Rxg2 55. Kd3 Rg3+ 56. Kc4 Rxb3 57. Rxc6 Kxa4 58. Rg6 b5+ 59. Kc5 g3 60. Kb6
Rf3 61. Rg4+ b4 62. Rg5 Ka3 63. Rxa5+ Kb2 64. Rg5 b3 65. Kb5 Kc1 66. Rc5+ Kd2
67. Ka4 b2 68. Rb5 Kc2 0-1

[Event "AI Cup Div 3 L"]
[Site "chess.com INT"]
[Date "2023.09.28"]
[Round "6.2"]
[White "Durarbayli, Vasif"]
[Black "Robson, Ray"]
[Result "0-1"]
[WhiteTitle "GM"]
[BlackTitle "GM"]
[WhiteElo "2625"]
[BlackElo "2699"]
[WhiteFideId "13402935"]
[BlackFideId "2023970"]
[EventDate "2023.09.25"]
[EventType "k.o."]

1. e4 e5 2. Nf3 Nc6 3. Bc4 Nf6 4. d3 Bc5 5. O-O d6 6. c3 h6 7. Re1 O-O 8. Nbd2
a6 9. a4 Re8 10. b4 Ba7 11. Bb2 Be6 12. b5 Bxc4 13. Nxc4 Ne7 14. Qc2 Ng6 15.
bxa6 bxa6 16. Ne3 Qd7 17. c4 Ng4 18. d4 Nxe3 19. fxe3 Rab8 20. Kh1 Rb4 21. a5
Reb8 22. Ba3 Rb3 23. Nd2 R3b7 24. Qc3 Qg4 25. c5 dxc5 26. dxc5 Rb5 27. h3 Qe6
28. Rac1 Ne7 29. c6 Rb3 30. Nxb3 Rxb3 31. Qa1 Bxe3 32. Rc2 Nxc6 33. Qa2 Bf4 34.
Rxc6 Rxh3+ 35. gxh3 Qxa2 0-1